Основания и фундаменты гражданских сооружений
| Main Author: | |
|---|---|
| Corporate Author: | |
| Summary: | Литограф. изд. Печатано по распоряжению Совета Томского Технологического Института Императора Николая II Текст в русской дореформенной орфографии |
| Language: | Russian |
| Published: |
Томск, Типо-Литография П. И. Макушина, 1902
|
| Subjects: | |
| Format: | Book |
| KOHA link: | https://koha.lib.tpu.ru/cgi-bin/koha/opac-detail.pl?biblionumber=273605 |
MARC
| LEADER | 00000nam0a2200000 4500 | ||
|---|---|---|---|
| 001 | 273605 | ||
| 005 | 20231101234639.0 | ||
| 035 | |a (RuTPU)RU\TPU\book\296814 | ||
| 035 | |a RU\TPU\book\212896 | ||
| 090 | |a 273605 | ||
| 100 | |a 20141028d1902 km y0rusy50 ca | ||
| 101 | 0 | |a rus | |
| 102 | |a RU | ||
| 105 | |a af j 000zy | ||
| 200 | 1 | |a Основания и фундаменты гражданских сооружений |f Ф. Ф. Гут |g Томский технологический институт (ТТИ) Императора Николая II | |
| 210 | |a Томск |c Типо-Литография П. И. Макушина |d 1902 | ||
| 215 | |a 218 с. |c 19 черт. | ||
| 300 | |a Литограф. изд. | ||
| 300 | |a Печатано по распоряжению Совета Томского Технологического Института Императора Николая II | ||
| 300 | |a Текст в русской дореформенной орфографии | ||
| 316 | |5 63413507: 58//21 |a Пометы в тексте | ||
| 316 | |5 63413507: 58//21 |a На форзаце экслибрис библиотеки ТТИ | ||
| 606 | 1 | |a Основания и фундаменты |2 stltpush |3 (RuTPU)RU\TPU\subj\74862 |9 86830 | |
| 610 | 1 | |a строительное дело | |
| 610 | 1 | |a труды учёных ТПУ | |
| 610 | 1 | |a учебные пособия | |
| 610 | 1 | |a гражданское строительство | |
| 610 | 1 | |a коллекция ТПУ | |
| 610 | 1 | |a владельческие знаки | |
| 675 | |a 624.15(075.8) |v 3 | ||
| 700 | 1 | |a Гут |b Ф. Ф. |c российский архитектор |f 1861-1905 |g Фортунат Фердинандович |2 stltpush |3 (RuTPU)RU\TPU\pers\12774 |9 3636 | |
| 712 | 0 | 2 | |a Томский технологический институт (ТТИ) |c (1896-1923) |2 stltpush |3 (RuTPU)RU\TPU\col\9244 |
| 801 | 0 | |a RU |b 63413507 |c 20011210 |g PSBO | |
| 801 | 2 | |a RU |b 63413507 |c 20201211 |g PSBO | |
| 942 | |c BK | ||